Pokémon - Les attaques de Bastiodon - Statistiques

Statistiques générales
  • Ce quiz a été pris 17 fois
  • Le résultat moyen est 9 sur 13
Statistiques - réponses
Niveaux Types Noms des attaques % Correct
Niveau 43 Acier Fulmifer
100%
Niveau 51 Acier Tête de Fer
100%
Niveau 15 Normal Bélier
91%
Départ Normal Charge
91%
Niveau 19 Acier Mur de Fer
91%
Niveau 28 Roche Pouvoir Antique
82%
Départ Niveau 10 Acier Strido-Son
73%
Départ Niveau 6 Ténèbres Provoc
64%
Départ Normal Abri
55%
Niveau 58 Acier Tacle Lourd
55%
Départ Évolution Normal Barrage
27%
Niveau 24 Normal Vantardise
27%
Niveau 36 Normal Ténacité
9%
Aucun quiz correspondant
Distribution des résultats
% des personnes avec chaque résultat
Percentile par nombre de réponses
Votre historique - résultats
Vous n’avez pas pris ce quiz